000 00465nam a2200181 i 4500
001 bg
100 1 _aWINSTANLEY, Graham
245 0 _aProgram desing for knowledge based systems /
_cby Graham Winstanley.
260 _aWilmslow :
_bSIGMA Press,
_c1987.
650 9 _aSystemy ekspertowe
020 _a1850580669
040 _cBPK
041 _apol
080 _a004.891
920 _a1-85058-066-9
942 _cKS
008 s pl f |000 0 pol
999 _c29744
_d29744
856 _uhttp://koha.tu.koszalin.pl/cgi-bin/koha/opac-detail.pl?biblionumber=29744
_yKatalog online BPK